Central Library OPAC University of Rajshahi

Shakespeare in the theatre 1701-1800 : a record of performences in London 1701-1750 / / (Record no. 77653)

MARC details
000 -LEADER
fixed length control field 00778cam a22002412 4500
001 - CONTROL NUMBER
control field 77653
003 - CONTROL NUMBER IDENTIFIER
rucl marc code BD-RjUL
005 - DATE AND TIME OF LATEST TRANSACTION
control field 20211209083016.0
008 - FIXED-LENGTH DATA ELEMENTS--GENERAL INFORMATION
fixed length control field 201221r1952 enk 000 0 eng
035 ## - SYSTEM CONTROL NUMBER
System control number (BD-RjUL)77879
040 ## - CATALOGING SOURCE
Original cataloging agency DLC
Transcribing agency YSM
Modifying agency OCL
-- ORL
-- ORL
-- BD-RjUL
Language of cataloging eng
041 ## - LANGUAGE CODE
Language code of text/sound track or separate title eng
082 04 - DEWEY DECIMAL CLASSIFICATION NUMBER
Classification number 822.33
Author mark and year HOS 1952
Edition number 23
100 1# - MAIN ENTRY--PERSONAL NAME
Personal name Hogan, Charless Beecher
9 (RLIN) 56841
245 10 - TITLE STATEMENT
Title Shakespeare in the theatre 1701-1800 : a record of performences in London 1701-1750 / /
Statement of responsibility, etc. by Charless Beecher Hogan
260 ## - PUBLICATION, DISTRIBUTION, ETC. (IMPRINT)
Place of publication, distribution, etc. Oxford :
Name of publisher, distributor, etc. the Clarendon press,
Date of publication, distribution, etc. 1952
300 ## - PHYSICAL DESCRIPTION
Pagination xiv , 517 p. ;
Size 22 cm.
504 ## - BIBLIOGRAPHY, ETC. NOTE
Bibliography, etc Includes bibliographical reference and Index
600 ## - SUBJECT ADDED ENTRY--PERSONAL NAME
Personal name Shakes Peare, William
650 ## - SUBJECT ADDED ENTRY--TOPICAL TERM
Form subdivision theatre
9 (RLIN) 242753
942 ## - ADDED ENTRY ELEMENTS (KOHA)
Source of classification or shelving scheme Dewey Decimal Classification
Koha item type Books
Holdings
Lost status Source of classification or shelving scheme Damaged status Not for loan Collection code Permanent Location Current Location Shelving location Date acquired Total Checkouts Full call number Date last seen Copy number Koha item type
  Dewey Decimal Classification     Non-fiction Central Library, University of Rajshahi Central Library, University of Rajshahi   21/12/2020   822.33 HOS 1952 21/12/2020 C-2 Books